All Characters in Despicable Me 3 - Statistics

General Stats
  • This quiz has been taken 100 times
  • The average score is 10 of 23
Answer Stats
Answer % Correct
Felonious Gru
93%
Dru Gru
81%
Kevin
80%
Lucy Wilde
80%
Margo
75%
Agnes
71%
Edith
71%
Stuart
68%
Balthazar Brat
65%
Dave
48%
Silas Ramsbottom
48%
Clive the Robot
42%
Marlena Gru
35%
Niko
28%
Jerry
26%
Kyle
26%
Valerie Da Vinci
26%
Fritz
19%
Lucky the Goat
19%
Robert Gru
13%
Vincenzo
12%
Mark
10%
Paolo
6%
No matching quizzes found
Score Distribution
Percent of People with Each Score
Percentile by Number Answered
Your Score History
You have not taken this quiz